[Event "WALTON BAN-chT 2019"]
[Site "Bangladesh"]
[Date "2019.12.15"]
[Round "5.10"]
[White "Lugovskoy, Maxim"]
[Black "Akshat, Khamparia"]
[Result "1-0"]
[WhiteElo "2466"]
[BlackElo "2399"]
[Annotator "TA"]
[PlyCount "87"]
[EventDate "2019.12.07"]
[EventType "team-tourn"]
[EventCountry "BAN"]
[SourceTitle "playchess.com"]
[Source "ChessBase"]
[SourceQuality "1"]

{[%evp 11,86,15,8,8,8,8,4,8,6,5,38,9,2,12,25,12,20,12,31,4,22,12,27,-8,14,12,14,11,9,3,41,14,36,6,16,8,0,0,15,0,0,0,0,0,9,0,7,0,0,0,18,0,47,37,60,0,0,0,0,0,57,35,91,0,60,54,376,367,29987,1381,29988,29989,29989,29990,29990,29991,29999]} 1. e4 c5 2. Nf3 d6 3. Bb5+ Nd7 4. d4 cxd4 5. Qxd4 a6 6. Bxd7+ Bxd7 7. c4 {B51: Sicilian: Moscow Variation (3 Bb5+) without 3...Bd7} b5 8. Nc3 e5 9. Qd3 {The position is equal.} bxc4 10. Qxc4 h6 $146 (10... Be6 {with more complications.} 11. Qc6+ Bd7 12. Qd5 Nf6 13. Qd3 h6) ({Predecessor:} 10... Be6 11. Qd3 h6 12. O-O Nf6 13. Rd1 Be7 14. Ne1 O-O {½-½ (59) Carlsen,M (2868)-Anand,V (2783) Stavanger 2013}) 11. Qd3 Nf6 12. Nd2 Be7 13. Nc4 O-O 14. O-O Be6 15. Ne3 Qb6 16. Rd1 Rfc8 17. h3 Rc6 18. Ncd5 Qb7 19. Bd2 Bd8 20. Bc3 Nd7 21. Qe2 Kf8 22. f4 Bb6 23. Kh1 Bxe3 $1 24. Qxe3 f6 25. fxe5 Nxe5 26. Rd4 Kg8 27. Rad1 Re8 28. Qg3 {Threatens to win with Nxf6+.} Kh7 29. Ne3 Bxa2 30. Nf5 Rg8 31. Nxd6 Qe7 32. Nf5 Qf7 33. Rd8 (33. Rd6 $14 Rxd6 34. Rxd6) 33... Rxd8 $11 34. Rxd8 Re6 35. Ra8 Nc6 ({Black should try} 35... Bb1 $11 36. Qe3 Nc6) 36. Rc8 $36 {[%mdl 2048] Rc7 is the strong threat. White has good play.} Ne5 {[#]} (36... Ne7 $14 37. Rc7 Nxf5 38. exf5 (38. Rxf7 $2 {too greedy.} Nxg3+ 39. Kg1 Nxe4 $19) 38... Re3) 37. Ra8 ({White should play} 37. Bxe5 $1 $16 Rxe5 38. Qc3) 37... Nc6 (37... Bb1 $11 38. Qe3 Nc6) 38. Qd3 $14 Ne5 $2 {[%mdl 8192]} (38... Qb7 $14 39. Qxa6 Qxa6 40. Rxa6 Bb1) 39. Qd8 $18 {Qh8+ would kill now.} ({Less strong is} 39. Bxe5 Rxe5 40. Qxa6 Rxf5 $18) 39... Nc6 $2 (39... Ng6 $18 40. Rc8 Re7 41. Nxe7 Qxe7 42. Qxe7 Nxe7) 40. Qh8+ Kg6 {[#]} 41. Rg8 $1 {[%csl Gf5][%cal Rh8h6][%mdl 512] White mates.} Rxe4 42. Rxg7+ {[%mdl 64] Double Attack} Kxf5 43. Rxf7 Bxf7 44. Qxf6# {Accuracy: White = 52%, Black = 36%.} 1-0

[Event "WALTON BAN-chT 2019"]
[Site "Bangladesh"]
[Date "2019.12.15"]
[Round "5.11"]
[White "Rakesh Kumar Jena"]
[Black "Khusenkhojaev, Muhammad"]
[Result "1/2-1/2"]
[WhiteElo "2335"]
[BlackElo "2427"]
[Annotator "TA"]
[PlyCount "84"]
[EventDate "2019.12.07"]
[EventType "team-tourn"]
[EventCountry "BAN"]
[SourceTitle "playchess.com"]
[Source "ChessBase"]
[SourceQuality "1"]

{[%evp 9,84,19,32,14,44,26,47,37,37,39,35,30,33,39,29,27,37,33,54,45,44,35,37,0,0,0,12,12,12,12,12,12,12,8,16,0,0,0,0,0,0,0,0,0,0,0,0,0,0,0,0,-3,0,0,0,0,0,0,0,0,0,0,0,0,0,0,0,0,0,0,0,0,0,0,0,0,0]} 1. d4 Nf6 2. Nf3 b6 3. g3 Bb7 4. Bg2 c5 5. O-O cxd4 6. Qxd4 {A47: 1 d4 Nf6 2 Nf3 b6: Torre, London and Colle Systems} d5 $146 ({Predecessor:} 6... e6 7. c4 Nc6 8. Qf4 Ne7 9. Nc3 Ng6 10. Qd2 Bb4 11. Qd3 O-O 12. Bd2 Rc8 13. Rac1 a6 14. b3 Ba3 15. Rcd1 d5 16. cxd5 Nxd5 17. Nxd5 Qxd5 18. Qxd5 Bxd5 {0-1 (59) Melkumyan,H (2660)-Iturrizaga Bonelli,E (2636) chess.com INT 2018}) 7. Ne5 e6 8. Qa4+ {White is slightly better.} Nbd7 9. c4 Bd6 10. Bf4 Bxe5 11. Bxe5 O-O 12. Bxf6 Nxf6 13. Nc3 Qe7 14. cxd5 Nxd5 15. Nxd5 Bxd5 16. e4 Bb7 {The position is equal.} 17. Rfd1 Rfd8 18. Rxd8+ Qxd8 19. Rd1 Qc8 20. Qd7 Bc6 21. Qd6 {[#] Hoping for Rc1.} Qe8 22. e5 Bxg2 23. Kxg2 $11 {[%mdl 4096] Endgame KQR-KQR} h6 24. Qd7 Qc8 25. Qxc8+ Rxc8 {KR-KR} 26. Rd7 Rc2 27. Rxa7 Rxb2 28. h4 g5 29. hxg5 hxg5 30. a4 Kg7 31. a5 bxa5 32. Rxa5 Rb4 33. Kf3 g4+ 34. Ke3 Kg6 35. Rc5 Rb3+ 36. Ke2 Rf3 37. Rc4 Kg5 38. Re4 Kf5 39. Ra4 Kg5 40. Re4 Kf5 41. Ra4 Kg5 42. Re4 Kf5 {Accuracy: White = 78%, Black = 80%.} 1/2-1/2

[Event "WALTON BAN-chT 2019"]
[Site "Bangladesh"]
[Date "2019.12.15"]
[Round "5.12"]
[White "Anata, Choudhury"]
[Black "Saiful Islam, Chowdhury"]
[Result "1/2-1/2"]
[WhiteElo "2137"]
[BlackElo "2159"]
[Annotator "TA"]
[PlyCount "75"]
[EventDate "2019.12.07"]
[EventType "team-tourn"]
[EventCountry "BAN"]
[SourceTitle "playchess.com"]
[Source "ChessBase"]
[SourceQuality "1"]

{[%evp 14,75,44,17,24,20,52,0,0,0,0,-7,-18,-22,0,-39,-27,-64,-56,-54,-51,-56,-66,-61,-53,-85,-82,-81,-95,-108,-104,-110,-114,-146,-101,-145,-72,-109,-86,-85,-37,-67,0,0,0,0,0,-6,0,-8,0,0,0,0,0,0,0,0,0,0,0,0,0,0]} 1. e4 e6 2. d4 d5 3. Nc3 dxe4 4. Nxe4 Nd7 5. Nf3 Ngf6 6. Bd3 Be7 7. Nxf6+ Nxf6 8. Be3 O-O {C10: French with 3 Nc3: Unusual Black 3rd moves and 3...dxe4} 9. Qe2 a6 10. O-O-O (10. O-O $14) 10... b5 $11 11. Bg5 {[#] Bxf6 is the strong threat.} Bb7 12. Bxf6 $146 ({Predecessor:} 12. Ne5 Nd5 13. Bd2 Bg5 14. h4 Bxd2+ 15. Qxd2 c5 16. dxc5 Qc7 17. Rhe1 {1-0 (42) Hansen,E (2616)-Rosenthal,N (2169) chess.com INT 2017}) 12... Bxf6 13. Be4 Bd5 14. g4 Qd6 15. Kb1 Qf4 $1 16. Bxd5 exd5 17. Rhg1 Rfe8 $36 {[%mdl 2048] Black has good play.} (17... Rae8 $5 18. Qd3 $8 Re4 $15) 18. Qd3 g6 19. Qb3 c6 20. g5 Bg7 21. Rge1 {[#]} Bxd4 $1 {[%mdl 512]} 22. Nxd4 (22. Rxd4 Rxe1+) 22... Qxd4 23. Qg3 Qc5 24. f3 Qf8 (24... d4 $142 25. Re4 Rxe4 26. fxe4 Re8) 25. h4 Rxe1 26. Rxe1 $17 {[%mdl 4096] Endgame KQR-KQR} Re8 27. Re5 Kg7 (27... Rd8 $15) 28. Qe1 $1 $11 {The position is equal.} Rxe5 29. Qxe5+ {KQ-KQ} Kg8 30. a3 Qd8 31. Kc1 Qd7 32. Qb8+ Kg7 33. Qe5+ Kg8 34. Qb8+ Kg7 35. Qe5+ Kf8 36. Qh8+ Ke7 37. Qf6+ Ke8 38. Qh8+ {Accuracy: White = 48%, Black = 51%.} 1/2-1/2

[Event "WALTON BAN-chT 2019"]
[Site "Bangladesh"]
[Date "2019.12.15"]
[Round "6.1"]
[White "Jobava, Baadur"]
[Black "Alam, Monjur"]
[Result "1-0"]
[WhiteElo "2604"]
[BlackElo "1899"]
[Annotator "TA"]
[PlyCount "63"]
[EventDate "2019.12.07"]
[EventType "team-tourn"]
[EventCountry "BAN"]
[SourceTitle "playchess.com"]
[Source "ChessBase"]
[SourceQuality "1"]

{[%evp 9,63,19,19,22,40,35,43,43,47,46,48,47,41,24,35,24,54,48,68,48,65,35,98,85,92,91,113,128,147,139,150,156,158,161,218,211,253,243,237,222,240,232,262,195,214,214,229,220,268,266,597,587,1000,954,1202,1182]} 1. e4 e6 2. d4 d5 3. Nc3 dxe4 4. Nxe4 Bd7 5. c4 Bc6 6. Nc3 {C10: French with 3 Nc3: Unusual Black 3rd moves and 3...dxe4} Nf6 7. Be3 (7. Nf3 Bb4 8. Be2 O-O 9. a3 Bxc3+ 10. bxc3 Nbd7 11. Bf4 h6 12. O-O Re8 13. h3 {1-0 (69) Onischuk,V (2612)-Kovalenko,I (2700) Bastia 2015}) 7... Be7 8. Nf3 {White is slightly better.} b6 9. Be2 O-O 10. Ne5 Bb7 11. O-O $146 ({Predecessor:} 11. Bf3 Bxf3 12. Qxf3 c6 13. O-O {½-½ (75) Svoboda,V (2266)-Pokrupa,M (2199) Czechia 2010}) 11... Nbd7 12. Bf3 Qc8 13. Nc6 Re8 14. Re1 Bf8 15. b4 {[%cal Bb2b4,Bb4b5,Bb5c6][%mdl 32]} Nb8 (15... e5 $14 16. Qd3 a5) 16. b5 $36 {[%mdl 2048] White is in control.} a6 17. a4 Bxc6 18. bxc6 a5 19. Nb5 Na6 20. Bf4 Qd8 21. Re3 Rc8 (21... Bb4 {was called for.} 22. h3 Rc8) 22. Qe2 $18 Nb4 23. Rd1 Bd6 24. Be5 Kh8 25. g3 Qe7 26. Kg2 Red8 27. d5 {[#] Threatens to win with Bxd6.} Bc5 28. Bd4 Bxd4 29. Nxd4 ({Don't play} 29. Rxd4 $6 Re8 $16) 29... Qc5 $2 (29... Qe8 30. dxe6 fxe6 31. Nxe6 (31. Rxe6 Qg6 $16) 31... Rxd1 32. Qxd1 Qf7) 30. dxe6 {White is clearly winning.} Rf8 31. e7 Rfe8 32. Re5 {Accuracy: White = 88%, Black = 37%.} 1-0

[Event "WALTON BAN-chT 2019"]
[Site "Bangladesh"]
[Date "2019.12.15"]
[Round "6.2"]
[White "Zia, Tahsin Tajwar"]
[Black "Murshed, Niaz"]
[Result "0-1"]
[WhiteElo "2148"]
[BlackElo "2413"]
[Annotator "TA"]
[PlyCount "78"]
[EventDate "2019.12.07"]
[EventType "team-tourn"]
[EventCountry "BAN"]
[SourceTitle "playchess.com"]
[Source "ChessBase"]
[SourceQuality "1"]

{[%evp 9,84,0,33,21,18,16,22,21,30,32,22,16,39,36,40,38,53,28,31,30,68,55,59,50,99,85,100,69,85,76,87,65,64,39,62,38,67,30,66,24,31,15,37,0,0,-56,-25,-46,-38,-31,-39,-151,0,0,0,-65,-54,-70,0,0,19,0,11,-195,-197,-428,-428,-521,-521,-482,-475,-791,-777,-1240,-1068,-830,-830]} 1. d4 g6 2. Bf4 Bg7 3. e3 d6 4. Nf3 Nd7 5. h3 h6 (5... e5 6. Bh2 Ne7 7. Be2 O-O 8. O-O b6 9. c4 Bb7 10. Nc3 h6 11. Rc1 g5 12. b4 Ng6 13. dxe5 dxe5 14. Qc2 a5 {½-½ (56) Grachev,B (2654)-Fedoseev,V (2731) Sochi 2017}) 6. Bh2 {A41: 1 d4 d6: Tartakower System and Modern Defence} Ngf6 $146 ({Predecessor:} 6... c6 7. c4 e5 8. Nc3 Qe7 9. Rc1 f5 10. Be2 e4 11. Nd2 Ngf6 12. b4 O-O 13. c5 {1-0 (31) Vera Aranjuelo,J (2008)-Remiro Juste,F (2231) Aragon 2016}) 7. Be2 b6 8. a4 {The position is equal.} Bb7 9. O-O a6 10. c4 c5 11. Nc3 cxd4 12. exd4 O-O 13. Qb3 Rb8 14. Rfd1 Ne4 15. Nxe4 Bxe4 16. Qe3 Bxf3 17. Bxf3 ({Reject} 17. gxf3 $6 e5 $11) 17... a5 18. b3 Rc8 19. Ra2 Re8 20. Rad2 Qc7 21. h4 h5 22. Bf4 Rcd8 23. Be4 Bf6 24. Bg5 Bxg5 25. Qxg5 {And now Bxg6! would win.} Kg7 26. Rd3 Nf6 27. Re3 ({White should try} 27. Bf3 $11) 27... e5 (27... d5 $5 28. Bd3 (28. cxd5 Nxe4 29. Rxe4 Qc2 $15 {[%mdl 64] Double Attack}) 28... Ng4 $15) 28. Bf3 e4 29. Be2 d5 {White must now prevent ...Ng4!} 30. Rc3 {[#]} (30. Qg3 $15 Qxg3 31. Rxg3) 30... dxc4 $2 (30... e3 $1 $17 {[%cal Re3f2][%mdl 512]} 31. Rxe3 Nh7 32. Rxe8 Nxg5 33. Rxd8 Nh3+ 34. gxh3 Qxd8) 31. bxc4 $11 Nd5 32. Rb3 (32. Qg3 $11 Qxg3 33. Rxg3) 32... Nf4 $36 {[%mdl 2048] Black is more active.} 33. Bf1 Ne6 ({Better is} 33... Nd3 $15 34. Qb5 {[#]} Nxf2 $1 {[%mdl 512]} 35. Kxf2 e3+ {[%mdl 64] Decoy} 36. Rxe3 Rxe3 37. Kxe3 Qg3+ {[%mdl 64] Double Attack} 38. Ke2 Qg4+ {[%mdl 64] Double Attack} 39. Ke1 Qxh4+ 40. Ke2 Qg4+ 41. Ke1 Qh4+ 42. Ke2 Qg4+ 43. Ke1 Qh4+) 34. Qe3 $11 f5 35. Rb5 f4 (35... Kh7 {looks sharper.} 36. Re5 Re7 37. Rd2 Rd6 38. f3 Red7) 36. Qxe4 $2 (36. Qc3 $11) 36... Nxd4 $1 $19 {[%mdl 64] Discovered Attack} 37. Qb1 $2 (37. Rxd4 {was necessary.} Rxe4 38. Rxe4) 37... Nxb5 {Black is clearly winning.} 38. axb5 Rxd1 39. Qxd1 Rd8 {Played: Qc7-c5} 0-1

[Event "WALTON BAN-chT 2019"]
[Site "Bangladesh"]
[Date "2019.12.15"]
[Round "6.3"]
[White "Mchedlishvili, Mikheil"]
[Black "Lugovskoy, Maxim"]
[Result "1/2-1/2"]
[WhiteElo "2567"]
[BlackElo "2466"]
[Annotator "TA"]
[PlyCount "41"]
[EventDate "2019.12.07"]
[EventType "team-tourn"]
[EventCountry "BAN"]
[SourceTitle "playchess.com"]
[Source "ChessBase"]
[SourceQuality "1"]

{[%evp 9,41,25,29,28,35,6,25,18,19,26,17,18,42,14,10,8,11,8,14,6,13,14,14,8,3,0,18,0,7,0,15,0,5,0]} 1. d4 ({Predecessor:} 1. Nf3 d5 2. d4 e6 {1-0 (30) Ovsejevitsch,S (2590)-Korley,K (2437) Lueneburg 2019}) 1... d5 2. c4 e6 3. Nf3 a6 4. Bg5 $146 (4. cxd5 exd5 5. Nc3 h6 6. Bf4 Nf6 7. e3 Bd6 8. Be5 Be6 9. Qb3 Ra7 10. Bd3 Bxe5 11. Nxe5 O-O 12. O-O Nbd7 13. f4 {½-½ (42) Karjakin,S (2748)-Carlsen,M (2875) Zagreb 2019}) 4... Be7 5. Bxe7 Qxe7 6. Nbd2 {D30: Queen's Gambit Declined: Systems without Nc3} Nf6 7. g3 O-O 8. Bg2 {White has an edge.} Nbd7 9. O-O c5 10. cxd5 exd5 11. dxc5 Nxc5 {The position is equal.} 12. Nd4 Bg4 13. N2b3 b6 14. Rc1 Rac8 15. h3 Bd7 16. Qd2 a5 17. Rfd1 Kh8 18. Re1 Kg8 19. Red1 Kh8 20. Re1 Kg8 21. Red1 {Accuracy: White = 34%, Black = 49%.} 1/2-1/2

[Event "WALTON BAN-chT 2019"]
[Site "Bangladesh"]
[Date "2019.12.15"]
[Round "6.4"]
[White "Khusenkhojaev, Muhammad"]
[Black "Mohammad Fahad, Rahman"]
[Result "0-1"]
[WhiteElo "2427"]
[BlackElo "2294"]
[Annotator "TA"]
[PlyCount "91"]
[EventDate "2019.12.07"]
[EventType "team-tourn"]
[EventCountry "BAN"]
[SourceTitle "playchess.com"]
[Source "ChessBase"]
[SourceQuality "1"]

{[%evp 17,91,0,54,50,41,39,62,55,77,45,48,43,43,32,32,28,55,53,48,38,47,0,1,-47,33,-59,-47,-59,-51,-52,-46,-44,-34,-32,-29,-130,-43,-112,-29,-36,-22,-32,0,-8,0,-147,-148,-165,-116,-116,-109,-110,-108,-100,-111,-100,-112,-224,-212,-801,-784,-803,-799,-797,-797,-795,-781,-786,-778,-771,-757,-1094,-1082,-29980,-29981,-29970]} 1. c4 e6 2. d4 Nf6 3. Nc3 Bb4 4. Qc2 O-O 5. Nf3 d5 6. cxd5 exd5 7. Bg5 h6 8. Bh4 c5 9. e3 Nbd7 (9... c4 $11) 10. Be2 $14 {E35: Nimzo-Indian: Classical: 4...d5 5 cxd5 exd5} Qa5 11. O-O c4 (11... Bxc3 12. bxc3 b6 13. Rfc1 Ba6 14. Bxa6 Qxa6 15. Bxf6 Nxf6 16. dxc5 bxc5 17. c4 Rac8 18. cxd5 Nxd5 {½-½ (38) Cruz,C (2571)-Cuartas,J (2499) Barcelona 2018}) 12. Nd2 {White is slightly better.} Re8 13. Rfc1 Bxc3 14. bxc3 Ne4 15. Nxe4 Rxe4 16. Bg3 {Hoping for Bxc4!} Nb6 $146 ({Predecessor:} 16... Re8 17. Bf3 {0-1 (70) Kovacs,T (2209)-Horvath,P (2441) Aggtelek 2001}) 17. Be5 Bf5 {...Rxe5! is the strong threat.} 18. Qb2 f6 19. Bd6 Re6 20. Bb4 Na4 (20... Qb5 $15) 21. Qd2 ({White should play} 21. Bxa5 $14 Nxb2 22. Bf3) 21... Qb5 22. Bd1 Qd7 23. Qe2 a5 24. Ba3 b5 25. Qh5 Rb6 26. f3 {[#]} (26. Bxa4 $1 $11 {remains equal.} bxa4 27. Re1) 26... Qe6 (26... Nxc3 $1 $17 {[%mdl 512] And now ...b4 would win.} 27. Rxc3 b4 {[%mdl 64] Double Attack}) 27. Bxa4 (27. e4 $1 $15 dxe4 28. Bxa4 bxa4 29. g4) 27... bxa4 (27... Qxe3+ $17 28. Kh1 g6) 28. Re1 $11 Rab8 {[%cal Ba8b8,Bb8b1,Bb1a1][%mdl 32]} 29. Kf2 Rb1 30. Raxb1 Rxb1 31. Bc1 (31. Rxb1 $11 {keeps the balance.} Bxb1 32. Bc5) 31... Kh7 32. Qh4 Ra1 {White must now prevent ...a3.} 33. a3 Qb6 {Strongly threatening ...Rxc1!} 34. Qf4 Bg6 {Threatens to win with ...Rxc1!} 35. e4 dxe4 36. fxe4 Qb3 $36 {[%mdl 2048] Keeping White busy.} 37. Re2 (37. Qe3 $17) 37... Qd1 $19 38. Bb2 $2 (38. Re1 Ra2+ 39. Kf1 Qd3+ {[%mdl 64] Double Attack} 40. Kg1) 38... Rb1 39. d5 Qf1+ 40. Ke3 Qg1+ 41. Qf2 Qxh2 42. Qf4 Qg1+ 43. Qf2 Qd1 44. Rd2 Qg4 {[%csl Gg6][%cal Rg4e4]} 45. Qf3 Qg5+ 46. Kd4 {Accuracy: White = 42%, Black = 63%.} 0-1

[Event "WALTON BAN-chT 2019"]
[Site "Bangladesh"]
[Date "2019.12.15"]
[Round "6.5"]
[White "Thapa, Krishna"]
[Black "Reefat, Bin-Sattar"]
[Result "0-1"]
[WhiteElo "1958"]
[BlackElo "2417"]
[Annotator "TA"]
[PlyCount "96"]
[EventDate "2019.12.07"]
[EventType "team-tourn"]
[EventCountry "BAN"]
[SourceTitle "playchess.com"]
[Source "ChessBase"]
[SourceQuality "1"]

{[%evp 9,96,12,27,2,13,-22,7,-10,12,-21,-16,-60,-54,-73,-52,-60,-30,-29,-20,-25,-25,-34,-10,-63,-54,-54,0,-153,-131,-98,-85,-115,-71,-66,-57,-61,-57,-70,-74,-285,-287,-411,-399,-384,-401,-426,-388,-597,-586,-567,-462,-860,-830,-779,-145,-164,-131,-454,-259,-253,-213,-243,-178,-165,-195,-262,-180,-279,-193,-175,-175,-267,-270,-261,-248,-262,-211,-198,-196,-827,-830,-1301,-1260,-12837,-12250,-1704,-1683,-1953,-1964]} 1. d4 e6 2. Nf3 c5 3. c4 cxd4 4. Nxd4 a6 (4... Nc6 5. Nc3 Nf6 6. a3 Nxd4 7. Qxd4 b6 8. e4 Bc5 9. Qd1 Bb7 10. Bd3 Qb8 11. Qe2 Bc6 12. O-O h5 13. Nd5 Ng4 14. Bf4 Bd6 15. Bxd6 Qxd6 {0-1 (32) Zhou,W (2635)-Rapport,R (2717) China 2016}) 5. g3 Qc7 6. b3 {A43: Schmid Benoni} b5 7. cxb5 $146 (7. Bg2 $5 {[%cal Rg2a8]} Bb7 8. Bxb7 Qxb7 9. O-O $11) ({Predecessor:} 7. Bg2 Bb7 8. Bxb7 Qxb7 9. O-O bxc4 10. bxc4 Nf6 11. Nc3 {½-½ (54) Nielsen,P (2560)-Hansen,S (2558) Ronne 1999}) 7... Qb7 8. f3 {The position is equal.} axb5 9. e3 b4 10. Nb5 Nf6 11. Bb2 Be7 12. a4 O-O (12... bxa3 $5 13. N1xa3 O-O $15) 13. Nd2 d5 14. Rc1 {Strongly threatening Rc7.} Nc6 15. Bd3 Qb6 16. Kf2 (16. Qe2 $11) 16... e5 $15 17. Kg2 Bb7 (17... Be6 $15) 18. e4 $2 ({Better is} 18. Re1 $11) 18... Rad8 $17 19. Qe2 dxe4 20. Nxe4 Nd5 {aiming for ...Ne3+.} 21. Rhe1 Nd4 $36 {[%mdl 2048] Black has some pressure.} 22. Bxd4 exd4 23. a5 Qxa5 24. Ra1 $2 (24. Nxd4 $17 Nf4+ {[%mdl 64] Discovered Attack} 25. gxf4 Rxd4 26. Qe3) 24... Qb6 $19 25. Qf2 (25. Kg1 $142) 25... Ne3+ 26. Kh1 f5 27. Nd2 Bg5 28. h4 (28. Ra2 $142) 28... Ng4 29. Qg2 Bxd2 {[%mdl 64] Overworked Piece} 30. Qxd2 (30. Re7 $142 Ra8 31. Rf1) 30... Bxf3+ 31. Kg1 {[#]} f4 $2 (31... Be4 $1 $19 {is more deadly.} 32. Ra7 (32. Bxe4 d3+) 32... Ne5 33. Bc4+ Kh8) 32. Re7 $17 {[#]} Ra8 $1 {[%cal Ra8a1]} ({Worse is} 32... fxg3 33. Raa7 $14) 33. Rc1 $2 {[%mdl 8192]} (33. Rxa8 $17 {nothing else works.} Rxa8 34. Bc4+ Kh8 35. Qxd4) 33... fxg3 (33... Qf6 $142 34. Bc4+ Kh8) 34. Qg5 $19 {[%csl Ge7][%cal Rg5g7]} Qf6 35. Qxf6 Nxf6 36. Nxd4 Bd5 37. Nf5 (37. Re3 $142) 37... Nh5 38. Re5 (38. Re3 $142 Kh8 39. Nxg3 Nxg3 40. Rxg3) 38... Bf7 ({Less strong is} 38... Bxb3 39. Ne7+ Kf7 40. Bxh7 $15) 39. Ne7+ Kh8 40. Be4 (40. Rf1 {was called for.}) 40... Ra2 {And now ...Nf4 would win.} 41. Rf1 {Hoping for Rxh5!} Nf6 {White must now prevent ...Re2.} 42. Nd5 Bxd5 43. Bxd5 Rd8 {Threatens to win with ...Ra5.} 44. h5 $2 (44. Bc4) 44... Ra5 {Black is clearly winning.} ({Not} 44... Nxd5 {[#]} 45. Rxd5 $1 {[%mdl 512]} Re8 46. Re5 $17) 45. h6 Raxd5 46. hxg7+ Kxg7 47. Re7+ Kg6 48. Re6 Rf5 {Accuracy: White = 32%, Black = 70%.} 0-1

[Event "WALTON BAN-chT 2019"]
[Site "Bangladesh"]
[Date "2019.12.15"]
[Round "6.6"]
[White "Kovalev, Vladislav"]
[Black "abu, Hanif"]
[Result "1-0"]
[WhiteElo "2662"]
[BlackElo "2005"]
[Annotator "TA"]
[PlyCount "47"]
[EventDate "2019.12.07"]
[EventType "team-tourn"]
[EventCountry "BAN"]
[SourceTitle "playchess.com"]
[Source "ChessBase"]
[SourceQuality "1"]

{[%evp 9,47,1,0,-1,77,25,61,63,67,68,93,57,77,64,68,83,76,75,127,131,116,129,162,140,140,127,138,137,137,130,501,486,822,840,821,811,29994,29995,29995,29996]} 1. e4 e6 2. Qe2 c5 3. Nf3 Nc6 4. g3 b6 5. Bg2 Bb7 6. O-O {C00: French: Unusual White 2nd moves} e5 $146 (6... d5 $11) ({Predecessor:} 6... d5 7. d3 Nf6 8. e5 Nd7 9. c4 d4 10. h4 h6 11. Na3 a6 12. Nc2 b5 13. Bf4 Be7 14. h5 Nb6 15. Rad1 Qd7 16. Nd2 O-O-O 17. b3 Rde8 {½-½ (17) Baklan,V (2610)-Ionescu,C (2444) Mamaia 2012}) 7. Nc3 (7. Rd1 $16) 7... Nf6 8. Nd5 {White is slightly better.} Be7 9. c3 O-O 10. d3 Ne8 11. a3 Nc7 12. Nxe7+ Qxe7 13. Nh4 g6 (13... Rfd8 $142) 14. Bh6 $16 Rfd8 15. f4 exf4 16. Rxf4 ({But not} 16. Bxf4 $6 d6 $14) 16... Ne6 {[#]} 17. Rf2 $1 Ne5 {[#]} 18. Nf5 $1 {[%cal Rf5e7]} gxf5 19. exf5 d6 $2 {[%mdl 8192]} (19... Bxg2 $16 20. Qxe5 {[%mdl 64] Pin} (20. fxe6 Qxe6 21. Rxg2 Re8 $11) 20... d6) 20. fxe6 fxe6 (20... Qxe6 $142 21. Bxb7 Qxh6 22. Bxa8 Rxa8) 21. Bxb7 $18 Qxb7 22. d4 Ng6 23. Qxe6+ Kh8 24. Rf7 {Accuracy: White = 73%, Black = 29%.} 1-0

[Event "WALTON BAN-chT 2019"]
[Site "Bangladesh"]
[Date "2019.12.15"]
[Round "6.7"]
[White "Rahman, Saimon Siddiqur"]
[Black "Safarli, Eltaj"]
[Result "0-1"]
[WhiteElo "1983"]
[BlackElo "2601"]
[Annotator "TA"]
[PlyCount "56"]
[EventDate "2019.12.07"]
[EventType "team-tourn"]
[EventCountry "BAN"]
[SourceTitle "playchess.com"]
[Source "ChessBase"]
[SourceQuality "1"]

{[%evp 9,56,4,11,-60,-54,-76,-70,-207,-206,-204,-67,-75,-74,-133,-91,-85,-93,-91,-71,-137,-117,-106,-110,-125,-79,-79,-79,-118,-131,-133,-126,-125,-127,-128,-128,-195,-202,-193,-177,-197,-188,-244,-244,-231,-220,-363,-363,-905,-889]} 1. d4 Nf6 2. c4 g6 3. Nc3 d5 4. e3 Bg7 5. Nf3 O-O 6. c5 {D94: Grünfeld: 4 Nf3 Bg7 5 e3} (6. cxd5 $11 Nxd5 7. Bc4) (6. cxd5 Nxd5 7. Bc4 Nb6 8. Bb3 Na6 9. O-O c5 10. h3 Bf5 11. Qe2 Rc8 12. Rd1 c4 13. Bc2 Bxc2 14. Qxc2 Nb4 15. Qe2 Nd3 16. b3 Nxc1 17. Raxc1 cxb3 18. axb3 {1-0 (28) Vachier Lagrave,M (2774)-Wei,Y (2721) chess.com INT 2019}) 6... b6 $15 7. b4 {[#]} a5 $1 {[%cal Ra5b4]} 8. Ba3 (8. cxb6 $15 axb4 9. bxc7 Qxc7 10. Nb5) 8... axb4 $19 9. Bxb4 Na6 ({Black should play} 9... bxc5 $19 10. Bxc5 Nfd7) 10. Bxa6 $146 ({Predecessor:} 10. Qa4 Bd7 11. Qb3 bxc5 12. Bxa6 cxb4 13. Bb7 Rb8 14. Qxb4 {0-1 (28) Shkolnyk,B (1879)-Stuckenschneider Braun,M (2015) Korbach 2008}) 10... Bxa6 11. Ne5 ({White should try} 11. cxb6 cxb6 12. a4) 11... Re8 12. Qf3 bxc5 13. Bxc5 Qc8 14. Ne2 (14. Rb1 $142) 14... Bxe2 15. Qxe2 Ne4 16. Rc1 Qa6 17. Qxa6 Rxa6 18. O-O Bxe5 19. dxe5 Rxa2 20. Bd4 Nd2 $36 {[%mdl 2048] White is under strong pressure.} 21. Rfd1 Nc4 22. Rb1 (22. e4 $17 {keeps fighting.}) 22... Rc8 $19 23. Rb5 c6 24. Rc5 Nd2 25. f3 {[#]} (25. Rcc1 {was called for.}) 25... Nb3 $1 {[%cal Rb3c5]} 26. Rc3 c5 27. Bxc5 (27. h4 $142) 27... Nxc5 28. Rxd5 $2 (28. h4) 28... Ra1+ {Accuracy: White = 26%, Black = 69%.} 0-1